Catalog

Record Details

Catalog Search



The way West Cover Image CD Audiobook CD Audiobook

The way West [sound recording] / A. B. Guthrie.

Summary:

Second in the epic adventure Big Sky series. The wise and paternal mountain man Dick Summers agrees to pilot a wagon train full of 'greenhorns' on a journey from Missouri to Oregon. The passengers confront not only the wild grandeur of the untamed west, but also their own reasons for leavign everything behind. They struggle with the imperfect reality of their long held dreams. Resolve is tested, nature is conquered, and men are made or unmade in this timeless classic.

Record details

  • ISBN: 9781624062964
  • ISBN: 1624062962
  • Physical Description: 10 sound discs (723 min.) : digital ; 4 3/4 in.
  • Edition: Unabridged.
  • Publisher: Holland, Ohio : Dreamscape Media, [2013]

Content descriptions

General Note:
Title from sell sheet.
Compact discs.
Duration: 12:03:00.
Participant or Performer Note:
Read by Kevin Foley.
Subject: Wagon trains > Fiction.
Oregon National Historic Trail > Fiction.
Genre: Western stories.
Audiobooks.

Available copies

  • 1 of 1 copy available at scottsboropl.

Holds

  • 0 current holds with 1 total copy.
Show Only Available Copies
Location Call Number / Copy Notes Barcode Shelving Location Status Due Date
scottsboropl BK/CD Gut 32269000925340 Adult - Audiobook Available -

LDR 01709nim a2200385Ka 4500
001136196
003CONS
00520140703073309.0
007sd fungnnmmneu
008121128s2013 ohunnnn f n eng d
019 . ‡a859226490
020 . ‡a9781624062964
020 . ‡a1624062962
02802. ‡aDD7605 ‡bRecorded Books
035 . ‡a(CPomAG)LMN563358
050 4. ‡aPS3513.U855 ‡bW3 2013ab
08204. ‡a813/.52 ‡220
1001 . ‡aGuthrie, A. B., ‡cJr. ‡q(Alfred Bertram), ‡d1901-1991.
24514. ‡aThe way West ‡h[sound recording] / ‡cA. B. Guthrie.
250 . ‡aUnabridged.
260 . ‡aHolland, Ohio : ‡bDreamscape Media, ‡c[2013]
300 . ‡a10 sound discs (723 min.) : ‡bdigital ; ‡c4 3/4 in.
500 . ‡aTitle from sell sheet.
500 . ‡aCompact discs.
500 . ‡aDuration: 12:03:00.
5110 . ‡aRead by Kevin Foley.
520 . ‡aSecond in the epic adventure Big Sky series. The wise and paternal mountain man Dick Summers agrees to pilot a wagon train full of 'greenhorns' on a journey from Missouri to Oregon. The passengers confront not only the wild grandeur of the untamed west, but also their own reasons for leavign everything behind. They struggle with the imperfect reality of their long held dreams. Resolve is tested, nature is conquered, and men are made or unmade in this timeless classic.
650 0. ‡aWagon trains ‡vFiction.
651 0. ‡aOregon National Historic Trail ‡vFiction.
655 7. ‡aWestern stories. ‡2gsafd
655 7. ‡aAudiobooks. ‡2lcgft
7001 . ‡aFoley, Kevin.
914 . ‡aSCP_jd
959 . ‡i32269000925340 ‡lBK/CD Gut ‡aAdult - Audiobook ‡tAudiobook ‡g35.00
852 . ‡p32269000925340 ‡jBK/CD Gut ‡gAdult - Audiobook ‡cAudiobook ‡y35.00 ‡bSBPL
901 . ‡a136196 ‡bUnknown ‡c136196 ‡tbiblio

Additional Resources